书目信息 |
| 题名: |
创业者之道
|
|
| 作者: | 大前研一 著 ;郭明辉 译 | |
| 分册: | ||
| 出版信息: | 北京 中信出版社 2006.05 |
|
| 页数: | 284页 | |
| 开本: | 24cm | |
| 丛书名: | 大前研一管理实践系列 | |
| 单 册: | ||
| 中图分类: | F270 | |
| 科图分类: | ||
| 主题词: | 企业管理--qi ye guan li | |
| 电子资源: | ||
| ISBN: | 7-5086-0623-X | |
| 000 | 01135nam 2200265 450 | |
| 001 | 012007405075 | |
| 005 | 20071228145046.57 | |
| 010 | @a7-5086-0623-X@dCNY36.00 | |
| 100 | @a20071228d2006 km y0chiy0120 ea | |
| 101 | 1 | @achi@cjpn |
| 102 | @aCN@b110000 | |
| 105 | @ay z 000yy | |
| 106 | @ar | |
| 200 | 1 | @a创业者之道@Achuang ye zhe zhi dao@f[日] 大前研一等著@F[ri]da qian yan yi deng zhu@g郭明辉译@Gguo ming hui yi |
| 210 | @a北京@c中信出版社@d2006.05 | |
| 215 | @a284页@d24cm | |
| 225 | 2 | @a大前研一管理实践系列@Ada qian yan yi guan li shi jian xi lie |
| 330 | @a日本战略之父、全球管理大师大前研一先生,视培养企业家素质、开发新事业,帮助更多人才投身到商业社会为己任,创办了享誉国际的创业者商学院。本书是创业者商学院创建以来的第一部课程教材,本书除了详细介绍创业者必备的技能和经营方略之外,着重强调了商业企划书如何构想、是否具有可行性,以及如何才能获得市场竞争力等。 | |
| 410 | 0 | @12001 @a大前研一管理实践系列 |
| 606 | 0 | @a企业管理@Aqi ye guan li |
| 690 | @aF270@v4 | |
| 701 | 0 | @a大前研一@Ada qian yan yi@4著 |
| 702 | 0 | @a郭明辉@Aguo ming hui@4译 |
| 801 | 0 | @aCN@bQSSK@c20071228 |
| 905 | @b273508-10@dF270@eD068@f3 | |
| 创业者之道/[日] 大前研一等著/郭明辉译.-北京:中信出版社,2006.05 |
| 284页;24cm.-(大前研一管理实践系列) |
| ISBN 7-5086-0623-X:CNY36.00 |
| 日本战略之父、全球管理大师大前研一先生,视培养企业家素质、开发新事业,帮助更多人才投身到商业社会为己任,创办了享誉国际的创业者商学院。本书是创业者商学院创建以来的第一部课程教材,本书除了详细介绍创业者必备的技能和经营方略之外,着重强调了商业企划书如何构想、是否具有可行性,以及如何才能获得市场竞争力等。 |
| ● |
| 相关链接 |
|
|
|
正题名:创业者之道
索取号:F270/D068
 
预约/预借
| 序号 | 登录号 | 条形码 | 馆藏地/架位号 | 状态 | 备注 |
| 1 | 273508 | 202735086 | 社科库409/409社科库 82排3列4层/ [索取号:F270/D068] | 在馆 | |
| 2 | 273509 | 202735095 | 社科库409/409社科库 82排3列4层/ [索取号:F270/D068] | 在馆 | |
| 3 | 273510 | 202735102 | 社科库409/409社科库 82排3列4层/ [索取号:F270/D068] | 在馆 |